From the Last Page (Novels) Quiz Stats

 Plays Quiz Updated May 25, 2012

Challenge
Share
Tweet
Embed
Score 0/18 Timer 08:00
3 Plays Today
Line Novel % Correct
The creatures outside looked from pig to man, and from man to pig, and from pig to man again; but already it was impossible to say which was which.Animal Farm
87.1%
Although he loved her children and grandchildren dearly, none of the new spiders ever quite took her place in his heart.Charlotte's Web
78%
But I reckon I got to light out for the Territory ahead of the rest, because Aunt Sally she's going to adopt me and sivilize me, and I can't stand it.The Adventures of Huckleberry Finn
59.7%
When they entered, they found hanging upon the wall a splendid portrait of their master as they had last seen him, in all the wonder of his exquisite youth and beauty.The Picture of Dorian Gray
53.9%
One bird said to Billy Pilgrim, “Poo-tee-weet?”Slaughterhouse Five
38.5%
'God's in his heaven, all's right with the world,' whispered Anne softly.Anne of Green Gables
37.3%
‘It is a far, far better thing that I do, than I have ever done; it is a far, far better rest that I go to than I have ever known.’A Tale Of Two Cities
35.8%
To do this he had employed every means of conveyance—steamers, railways, carriages, yachts, trading-vessels, sledges, elephants.Around the World in 80 Days
33.4%
Everybody began to leave nice and quiet while I laid there with my glazzies closed, slooshying the lovely music.A Clockwork Orange
27.4%
Line Novel % Correct
In this vessel, after a long voyage, I arrived in England the 11th of June, in the year 1687, having been thirty-five years absent.Robinson Crusoe
26%
It was noticed that his spinal column was crooked, his head seated on his shoulder blades, and that one leg was shorter than the other.The Hunchback of Notre Dame
24.3%
'I'll shoot him if you can't, but either way, we've got it to do.'Old Yeller
22%
'Oh Jake,' Brett said, 'we could have had such a damned good time together.'The Sun Also Rises
16.6%
It may be that he swept back into the past, and fell among the blood-drinking, hairy savages of the Age of Unpolished Stone; into the abysses of the Cretaceous Sea...The Time Machine
16%
'...but let us cultivate our garden.'Candide
12.3%
'We shall bear down the opposition, we shall sweep it before us - and Chicago will be ours!'The Jungle
11.5%
For everything to be consummated, for me to feel less alone, I had only to wish that there be a large crowd of spectators the day of my execution and that they greet me with cries.The Stranger
8.4%
'You really don't suppose, do you, that all your adventures and escapes were managed by mere luck, just for your sole benefit?'The Hobbit
6.2%

You're not logged in!

Compare scores with friends on all Sporcle quizzes.
OR
Log In

You Might Also Like...

Show Comments

Extras

Top Quizzes Today


Score Distribution

Your Account Isn't Verified!

In order to create a playlist on Sporcle, you need to verify the email address you used during registration. Go to your Sporcle Settings to finish the process.

Report this User

Report this user for behavior that violates our Community Guidelines.

Details: